000 00839nam0a22002411 4500
001 rc\213509
005 20250620234148.0
035 _a(NLR Aleph) 005462792
090 _a4971618
_c4971618
100 _a20030307d1994 |||y0rusy50 ca
101 0 _arus
102 _aRU
105 _ay |||||||||
200 1 _aЮРИДИЧЕСКИЕ аспекты организации и документации жилищной ипотеки
_fПодгот. Стефаном Б. Батлером
210 _aМ.
_cСтроит. газ.
_d1994
215 _a78 с.
_d28
225 1 _aПринципы ипотечного кредитования в России
_vВып. 1
702 1 _aБатлер
_bС.Б.
_gСтефен Б.
_4570
801 0 _aRU
_bNLR
_gpsbo
801 1 _aRU
_bELAR
_2rusmarc
852 _aNLR
_j93-8/697
942 _cBOOK
980 _aNB